Countries with the Most Christians - Statistics

General Stats
  • This quiz has been taken 57 times
  • The average score is 14 of 20
Answer Stats
Christians Country % Correct
213,000,000 United States
98%
111,959,525 Mexico
89%
180,770,000 Brazil
87%
34,940,108 Argentina
83%
53,230,000 Italy
83%
41,000,00046,000,000 France
81%
66,000,000–99,775,000 Russia
81%
44,861,000 Germany
77%
74,400,000–107,000,000 Nigeria
77%
31,220,000–34,610,000/49,170,000 China
74%
43,560,000 Colombia
72%
30,000,000 India
72%
43,090,000 South Africa
68%
77,477,000 Ethiopia
62%
92,746,021 Philippines
62%
36,090,000 Poland
57%
63,150,000 Democratic Republic of the Congo
53%
34,830,000 Ukraine
47%
31,342,000 Tanzania
36%
40,668,000 Kenya
34%
No matching quizzes found
Score Distribution
Percent of People with Each Score
Percentile by Number Answered
Your Score History
You have not taken this quiz